| 000 | 01413nac a22003737a 4500 | ||
|---|---|---|---|
| 001 | BR9202961 | ||
| 003 | BR-BrBNA | ||
| 005 | 20240105121234.0 | ||
| 008 | 230509b bl.|||m| |||| 00| 0 por d | ||
| 040 |
_aBR-BrBNA _bpor _cBiblioteca Nacional de Agricultura |
||
| 072 | _aF30 | ||
| 090 | _a0120 BR9202961 | ||
| 100 | 1 | _aArias, E.R.A. | |
| 100 | 1 | _aPereira, P.J. | |
| 100 | 1 | _aAndrade, J.A. da C. | |
| 100 | 1 | _aRosalen, A.L. | |
| 100 | 1 | _aDias, A.F. | |
| 100 | 1 | _aJorge, A.D.C. | |
| 100 | 1 | _aPadovan, M.P. | |
| 100 | 1 | _aSantos, R.R. dos | |
| 100 | 1 | _aXimenes Junior, R.B. | |
| 110 | 1 | _aEmpresa de Pesquisa, Assistencia Tecnica e Extensao Rural de Mato Grosso do Sul, Campo Grande (Brasil) | |
| 245 | 1 | _aAvaliacao de cultivares de milho para as regioes centro e norte de Mato Grosso do Sul, resultados do ano agricola 1989/1990 | |
| 246 | 1 | _a[Evaluation of maize cultivars in north and center regions of Mato Grosso do Sul state, Brazil, results for the agricultural year 1989/1990! | |
| 260 | 3 |
_aCampo Grande, MS (Brasil): _c1990. |
|
| 300 | _a50 p. | ||
| 490 |
_aPesquisa em Andamento - Empresa de Pesquisa, Assistencia Tecnica e Extensao Rural de Mato Grosso do Sul (Brazil) _vno. 39 _xISSN 0101-9651 |
||
| 500 | _a42 tables | ||
| 650 | _aMILHO | ||
| 650 | _aVARIEDADE | ||
| 650 | _aMATO GROSSO DO SUL | ||
| 909 |
_a202312 _bLúcia Elande _c55 _dLúcia Elande |
||
| 942 |
_2AGRIS _n0 _cMS |
||
| 999 |
_c284136 _d284136 |
||